<?xml version="1.0" encoding="UTF-8"?>
<marc:record xmlns:marc="http://www.loc.gov/MARC21/slim">
   <marc:leader>00000nam a2200000 a 4500</marc:leader>
   <marc:datafield ind1="1" ind2=" " tag="100">
      <marc:subfield code="a">Moschen, Marian</marc:subfield>
      <marc:subfield code="4">aut</marc:subfield>
      <marc:subfield code="e">Verfasser/-in</marc:subfield>
   </marc:datafield>
   <marc:datafield ind1=" " ind2=" " tag="653">
      <marc:subfield code="a">Backen</marc:subfield>
   </marc:datafield>
   <marc:datafield ind1=" " ind2=" " tag="653">
      <marc:subfield code="a">Österreich</marc:subfield>
   </marc:datafield>
   <marc:datafield ind1="0" ind2="0" tag="245">
      <marc:subfield code="a">Mann backt Heimat</marc:subfield>
   </marc:datafield>
   <marc:datafield ind1="0" ind2="0" tag="245">
      <marc:subfield code="b">[Österreichische Klassiker neu interpretiert]</marc:subfield>
   </marc:datafield>
   <marc:datafield ind1=" " ind2="1" tag="264">
      <marc:subfield code="b">Tyrolia</marc:subfield>
      <marc:subfield code="c">2020</marc:subfield>
   </marc:datafield>
   <marc:datafield ind1="1" ind2=" " tag="520">
      <marc:subfield code="a">Süße, regionale und traditionelle Köstlichkeiten. (VL) Auf den ersten Seiten erfährt man viel über den aus Tirol stammenden Autor und wie es zu seiner Back-Leidenschaft gekommen ist. Die Rezepte gliedern sich in Torten, Kuchen, Germteig, Mehlspeisen, Strudel, Kleingebäck und Blätter- wie Plunderteig. Die Backtipps zu Beginn sowie die Beschreibung von Material und Werkzeug sind sehr hilfreich. Das 222 Seiten umfassende Kochbuch ist mit ansprechenden, professionellen Fotos sowie mit zahlreichen Familienfotos illustriert. Die Rezepte sind sehr ausführlich beschrieben, mit übersichtlicher Zutatenliste, genauer Backzeit, gut gegliedert und mit Anmerkungen und Hinweisen versehen. Maronitorte aus Buchweizenteig, Bienenstich-Kuchen, Kiachl, Moosbeernocken - das sind nur einige der vielen"Oma-Rezepte", die Lust darauf machen, das eine oder andere auszuprobieren. Es ist ein sehr sorgfältig gestaltetes Buch, das empfehlenswert ist, um Traditionelles auszuprobieren und eignet sich für AnfängerInnen ebenso wie für geübte BäckerInnen. Als Ergänzung zum Kochbuch kann auch zusätzlich der Blog "Mann backt" online besucht werden.</marc:subfield>
   </marc:datafield>
   <marc:datafield ind1=" " ind2=" " tag="020">
      <marc:subfield code="a">9783702237745</marc:subfield>
      <marc:subfield code="9">9783702237745</marc:subfield>
   </marc:datafield>
</marc:record>
